|
|
|
|
| LEADER |
01286nam a2200265 a 4500 |
| 001 |
GR-Patra4745 |
| 008 |
991022s19uu gr 000 0 gre d |
| 040 |
|
|
|a GrPaTEI
|b gre
|c GR-PaULI
|
| 245 |
0 |
0 |
|a Εισαγωγή στην οργανωτική των εργοστασίων.
|
| 260 |
|
|
|a Αθήνα :
|b Α. Σταμούλης,
|c [19--]
|
| 300 |
|
|
|a 287σ. :
|b διαγρ., εικ., πίν.
|
| 504 |
|
|
|a Βιβλιογραφία: σ.287
|
| 650 |
|
4 |
|a ΒΙΟΜΗΧΑΝΙΕΣ
|
| 650 |
|
4 |
|a ΕΡΓΟΣΤΑΣΙΑ
|
| 650 |
|
4 |
|a Οργάνωση
|
| 650 |
|
4 |
|a ΠΑΡΑΓΩΓΙΚΟΤΗΤΑ
|
| 650 |
|
4 |
|a Προγραμματισμός
|
| 653 |
|
|
|a ΕΡΓΟΣΤΑΣΙΑ - ΔΙΟΙΚΗΣΗ ΚΑΙ ΟΡΓΑΝΩΣΗ
|
| 700 |
1 |
|
|a Καρβούνης, Σωτήρης Κ.
|
| 710 |
0 |
|
|a Α. Σταμούλης
|
| 942 |
|
|
|2 ddc
|
| 952 |
|
|
|0 0
|1 0
|2 ddc
|4 0
|6 658_500000000000000_ΚΑΡ
|7 0
|9 285743
|a LISK
|b LISK
|c BSC
|d 2021-01-17
|e 24
|f 0
|g 0.00
|l 0
|o 658.5 ΚΑΡ
|p 92410010071
|r 2021-01-17 00:00:00
|t 1
|w 2021-01-17
|y BK15
|x 19991024 0 1
|x GrPaTEI
|
| 952 |
|
|
|0 0
|1 0
|2 ddc
|4 0
|6 658_500000000000000_ΚΑΡ
|7 0
|9 285744
|a LISK
|b LISK
|c BSC
|d 2021-01-17
|e 24
|f 0
|g 0.00
|l 0
|o 658.5 ΚΑΡ
|p 9241003383
|r 2021-01-17 00:00:00
|t 1
|w 2021-01-17
|y BK15
|x 19991024 0 1
|x GrPaTEI
|
| 971 |
|
|
|a .b26522500
|b 16-04-20
|c 23-09-16
|
| 999 |
|
|
|c 166654
|d 166654
|